| Tag |
First Indicator |
Second Indicator |
Subfields |
| LEADER |
00000cam a2200000 a 4500 |
| 001 |
in00000083171 |
| 005 |
20151008055616.0 |
| 008 |
790105s1976 azu b 00010 eng d |
| 035 |
|
|
|a (OCoLC)04520041
|
| 035 |
|
|
|9 AAJ3908AM
|
| 040 |
|
|
|a IUL
|c IUL
|d TXA
|d UtOrBLW
|
| 043 |
|
|
|a n-us-az
|
| 049 |
|
|
|a TXAM
|c [1655120]
|
| 090 |
|
|
|a HD1694.A7
|b C79
|
| 100 |
1 |
|
|a Cortner, Hanna J.
|
| 245 |
1 |
4 |
|a The politics of water in Arizona :
|b a synthesis of materials which focus upon the political processes of water policy making in the State of Arizona /
|c prepared by Hanna J. Cortner.
|
| 264 |
|
1 |
|a [Tucson, Ariz.] :
|b University of Arizona, Dept. of Public Administration,
|c 1976.
|
| 300 |
|
|
|a 27 leaves ;
|c 28 cm.
|
| 336 |
|
|
|a text
|b txt
|2 rdacontent
|
| 337 |
|
|
|a unmediated
|b n
|2 rdamedia
|
| 338 |
|
|
|a volume
|b nc
|2 rdacarrier
|
| 500 |
|
|
|a "PW-76-4."
|
| 504 |
|
|
|a Bibliography: leaves 17-22.
|
| 650 |
|
0 |
|a Water resources development
|z Arizona.
|
| 999 |
|
|
|a MARS
|
| 999 |
f |
f |
|s 16aba150-3e40-305e-a3a9-1f5bacf01424
|i ce729ae2-135a-3018-8336-1b303145a5f2
|t 0
|
| 952 |
f |
f |
|p ric
|a Texas A&M University
|b Rellis Campus
|c Joint Library Facility
|d Remote Storage
|t 0
|e HD1694.A7 C79
|h Library of Congress classification
|i unmediated -- volume
|m A14806126445
|
| 998 |
f |
f |
|a HD1694.A7 C79
|t 0
|l Remote Storage
|